[Event "AUTO-OPEN-2814"]
[Site "http://www.queenalice.com/game.php?id=1111349"]
[Date "2012.10.11"]
[Round "1"]
[White "razoman"]
[Black "mike52"]
[Result "1-0"]
[WhiteElo "1955"]
[BlackElo "1499"]

1. e4 e5 2. Nf3 d6 3. h3 Be7 4. d4 exd4 5. Nxd4 Bd7 6. Bc4 Nf6 7. Nc3 Nc6 8. O-O
Nxd4 9. Qxd4 O-O 10. Bg5 c5 11. Qd2 a6 12. a4 b5 13. axb5 a5 14. Bxf6 Bxf6 15.
Qxd6 Bxc3 16. bxc3 Qg5 17. Qxd7 Rad8 18. Qf5 Qxf5 19. exf5 Kh8 20. Rxa5 Rd2 21.
Bxf7 g6 22. fxg6 hxg6 23. Bxg6 Rf6 24. Ra6 Rxa6 25. bxa6 Rd7 26. Rb1 Kg7 27. Rb7
1-0

[Event "AUTO-OPEN-2814"]
[Site "http://www.queenalice.com/game.php?id=1111350"]
[Date "2012.10.11"]
[Round "1"]
[White "mike52"]
[Black "razoman"]
[Result "0-1"]
[WhiteElo "1503"]
[BlackElo "1953"]

1. e4 c6 2. d4 d5 3. e5 Bf5 4. Bd2 e6 5. Be2 c5 6. dxc5 Bxc5 7. Nf3 Ne7 8. Bb5+
Nbc6 9. Bxc6+ Nxc6 10. O-O Bg4 11. a3 Nxe5 12. Qe1 Nxf3+ 13. gxf3 Bh3 14. Qe5
Bxf1 15. Qxg7 Rf8 16. Kxf1 Qh4 17. Qg3 Qc4+ 18. Kg2 Kd7 19. c3 Rg8 20. Qxg8
Rxg8+ 21. Kh3 Qf1+ 0-1

[Event "AUTO-OPEN-2814"]
[Site "http://www.queenalice.com/game.php?id=1111351"]
[Date "2012.10.11"]
[Round "1"]
[White "razoman"]
[Black "kubanisi"]
[Result "1-0"]
[WhiteElo "1866"]
[BlackElo "1411"]

1. e4 e6 2. d4 d5 3. Nc3 c5 4. exd5 exd5 5. h3 h6 6. Nf3 Be6 7. Bb5+ Nc6 8. O-O
a6 9. Bxc6+ bxc6 10. Ne5 Rc8 11. Bf4 Nf6 12. Re1 Bd6 13. Qd2 O-O 14. Re3 cxd4
15. Qxd4 c5 16. Qd1 d4 17. Rg3 dxc3 18. Qxd6 Qxd6 19. Ng6 cxb2 20. Rb1 1-0

[Event "AUTO-OPEN-2814"]
[Site "http://www.queenalice.com/game.php?id=1111352"]
[Date "2012.10.11"]
[Round "1"]
[White "kubanisi"]
[Black "razoman"]
[Result "0-1"]
[WhiteElo "1411"]
[BlackElo "1864"]

1. e4 c6 2. d4 d5 3. e5 Bf5 4. Nf3 e6 5. Be2 c5 6. Be3 c4 7. O-O Nc6 8. Nbd2 Bb4
9. c3 Ba5 10. Ne1 Nge7 11. g4 Bg6 12. Ng2 h6 13. f4 O-O 14. Qc1 Bd3 15. Bxd3
cxd3 16. Nf3 b5 17. Qd2 Nxd4 18. Nxd4 b4 19. cxb4 Bb6 0-1

[Event "AUTO-ADV-2559"]
[Site "http://www.queenalice.com/game.php?id=1118579"]
[Date "2012.11.3"]
[Round "2"]
[White "jck2"]
[Black "razoman"]
[Result "1-0"]
[WhiteElo "1978"]
[BlackElo "1907"]

1. d4 e6 2. c4 c6 3. Nc3 d5 4. e3 Nf6 5. Nf3 Nbd7 6. Bd3 dxc4 7. Bxc4 Nb6 8. Bd3
Be7 9. O-O O-O 10. a3 Nbd5 11. Nxd5 cxd5 12. b4 Bd7 13. Bb2 Rc8 14. Rc1 Qb6 15.
Rxc8 Rxc8 16. Ne5 Be8 17. Qe2 Ba4 18. Rc1 Rxc1+ 19. Bxc1 Qc7 20. Qd2 Ne4 21.
Bxe4 Qxe5 22. dxe5 1-0

[Event "AUTO-ADV-2559"]
[Site "http://www.queenalice.com/game.php?id=1118580"]
[Date "2012.11.3"]
[Round "2"]
[White "razoman"]
[Black "jck2"]
[Result "0-1"]
[WhiteElo "1857"]
[BlackElo "1937"]

1. d4 d5 2. c4 Nf6 3. Nc3 c6 4. g3 Bg4 5. Bg2 dxc4 6. h3 Bh5 7. Nf3 e6 8. O-O
Bd6 9. Qc2 Bg6 10. e4 O-O 11. Re1 Bb4 12. a3 Ba5 13. Bg5 Nbd7 14. Nh4 h6 15.
Bxf6 Nxf6 16. Nxg6 fxg6 17. b4 cxb3 18. Qxb3 Qxd4 19. Ne2 Qc5 20. Qxe6+ Kh7 21.
e5 Nd5 22. Rf1 Rae8 23. Qg4 Rxe5 24. Nf4 Nxf4 25. gxf4 Re7 26. Rfc1 Qf5 0-1

[Event "AUTO-OPEN-2792"]
[Site "http://www.queenalice.com/game.php?id=1152615"]
[Date "2013.2.16"]
[Round "2"]
[White "razoman"]
[Black "sovay"]
[Result "0-1"]
[WhiteElo "1861"]
[BlackElo "2511"]

1. e4 d5 2. e5 c5 3. c3 Nc6 4. h3 Nxe5 5. d4 Nc6 6. Nf3 e6 7. Bb5 Qb6 8. Be2
cxd4 9. Nxd4 e5 10. Nb5 a6 11. N5a3 Be6 12. O-O Be7 13. b4 Nf6 14. Be3 d4 15.
cxd4 exd4 16. Bf4 Rd8 17. b5 d3 18. bxc6 Qxc6 19. Bf3 Qd7 20. Qd2 Qd4 21. Bxb7
O-O 22. Bc7 Rd7 23. Nc3 Bxa3 24. Bxa6 Bb4 25. Ba5 Bxa5 26. Rac1 Ne4 0-1

[Event "AUTO-OPEN-2792"]
[Site "http://www.queenalice.com/game.php?id=1152616"]
[Date "2013.2.16"]
[Round "2"]
[White "sovay"]
[Black "razoman"]
[Result "1-0"]
[WhiteElo "2507"]
[BlackElo "1863"]

1. e4 c6 2. d4 d5 3. exd5 cxd5 4. c4 Nf6 5. Nc3 e6 6. Nf3 Nc6 7. c5 a6 8. Bd3
Be7 9. O-O O-O 10. Na4 Nd7 11. Bf4 Bf6 12. Re1 Nxd4 13. Nxd4 g6 14. Nf3 Qa5 15.
Bc2 Nxc5 16. b4 Qxb4 17. Bd6 Bxa1 18. Bxc5 Qa5 19. Qxa1 Re8 20. Qe5 Qd8 21. Nb6
Bd7 22. Nxd7 Qxd7 23. Bd4 f6 24. Qxf6 Qe7 25. Qh8+ Kf7 26. Qg7# 1-0

[Event "AUTO-OPEN-3246"]
[Site "http://www.queenalice.com/game.php?id=1278379"]
[Date "2014.5.3"]
[Round "1"]
[White "razoman"]
[Black "mateusrohsig"]
[Result "0-1"]
[WhiteElo "1809"]
[BlackElo "1534"]

1. e4 e5 2. Nf3 Nc6 3. Bb5 d5 4. Nxe5 Bd7 5. Bxc6 Bxc6 6. Nxc6 bxc6 7. e5 Qg5 8.
O-O f6 9. d4 Qf5 10. e6 Bd6 11. g4 Qg6 0-1